Statistical Mechanics. (Record no. 540428)
[ view plain ]
| 000 -LEADER | |
|---|---|
| fixed length control field | 01882cam a2200337 a 4500 |
| 001 - CONTROL NUMBER | |
| control field | 16587685 |
| 003 - CONTROL NUMBER IDENTIFIER | |
| control field | NUST |
| 005 - DATE AND TIME OF LATEST TRANSACTION | |
| control field | 20201023114355.0 |
| 008 - FIXED-LENGTH DATA ELEMENTS--GENERAL INFORMATION | |
| fixed length control field | 101222s2011 ne a b 001 0 eng |
| 010 ## - LIBRARY OF CONGRESS CONTROL NUMBER | |
| LC control number | 2010048955 |
| 020 ## - INTERNATIONAL STANDARD BOOK NUMBER | |
| International Standard Book Number | 9780123821881 (pbk.) |
| 038 ## - RECORD CONTENT LICENSOR | |
| Staff Name | SNS Library Staff |
| 040 ## - CATALOGING SOURCE | |
| Original cataloging agency | DLC |
| Transcribing agency | DLC |
| Modifying agency | DLC |
| 042 ## - AUTHENTICATION CODE | |
| Authentication code | pcc |
| 050 00 - LIBRARY OF CONGRESS CALL NUMBER | |
| Classification number | QC174.8 |
| Item number | .P38 2011 |
| 082 00 - DEWEY DECIMAL CLASSIFICATION NUMBER | |
| Classification number | 530.13 |
| Edition number | 22 |
| Author Mark | PAT |
| 100 1# - MAIN ENTRY--PERSONAL NAME | |
| Personal name | Pathria, R. K. |
| 9 (RLIN) | 34449 |
| 245 10 - TITLE STATEMENT | |
| Title | Statistical Mechanics. |
| 250 ## - EDITION STATEMENT | |
| Edition statement | 3rd ed. / |
| Remainder of edition statement | R.K. Pathria, Paul D. Beale. |
| 260 ## - PUBLICATION, DISTRIBUTION, ETC. | |
| Place of publication, distribution, etc. | Amsterdam ; |
| -- | Boston : |
| Name of publisher, distributor, etc. | Elsevier/Academic Press, |
| Date of publication, distribution, etc. | 2011. |
| 300 ## - PHYSICAL DESCRIPTION | |
| Extent | xxvi, 718 p. : |
| Other physical details | ill. ; |
| Dimensions | 24 cm. |
| 440 ## - SERIES STATEMENT/ADDED ENTRY--TITLE | |
| Title | Statistical Mechanics. |
| 9 (RLIN) | 34450 |
| 504 ## - BIBLIOGRAPHY, ETC. NOTE | |
| Bibliography, etc. note | Includes bibliographical references (p. 687-705) and index. |
| 505 0# - FORMATTED CONTENTS NOTE | |
| Formatted contents note | The statistical basis of thermodynamics -- Elements of the ensemble theory -- The canonical ensemble -- The grand canonical ensemble -- Formulation of quantum statistics -- The theory of simple gases -- Ideal Bose systems -- Ideal Fermi systems -- Thermodynamics of the early universe -- Statistical mechanics of interacting systems : the method of cluster expansions -- Statistical mechanics of interacting systems : the method of quantized fields -- Phase transitions : criticality, universality, and scaling -- Phase transitions : exact (or almost exact) results for models -- Phase transitions : the renormalization group approach -- Fluctuations and nonequilibrium statistical mechanics -- Computer simulations. |
| 650 #0 - SUBJECT ADDED ENTRY--TOPICAL TERM | |
| Topical term or geographic name entry element | Statistical mechanics. |
| 9 (RLIN) | 34451 |
| 700 1# - ADDED ENTRY--PERSONAL NAME | |
| Personal name | Beale, Paul D. |
| 9 (RLIN) | 34452 |
| 856 41 - ELECTRONIC LOCATION AND ACCESS | |
| Materials specified | Table of contents only |
| Uniform Resource Identifier | <a href="http://www.loc.gov/catdir/toc/fy11pdf04/2010048955.html">http://www.loc.gov/catdir/toc/fy11pdf04/2010048955.html</a> |
| 906 ## - LOCAL DATA ELEMENT F, LDF (RLIN) | |
| a | 7 |
| b | cbc |
| c | orignew |
| d | 1 |
| e | ecip |
| f | 20 |
| g | y-gencatlg |
| 942 ## - ADDED ENTRY ELEMENTS (KOHA) | |
| Source of classification or shelving scheme | |
| Koha item type | Book |
| Call number prefix | 530.133 PAT |
| Withdrawn status | Lost status | Source of classification or shelving scheme | Damaged status | Not for loan | Permanent Location | Current Location | Shelving location | Date acquired | Total Checkouts | Full call number | Barcode | Date last seen | Price effective from | Koha item type | Source of acquisition |
|---|---|---|---|---|---|---|---|---|---|---|---|---|---|---|---|
| School of Natural Sciences (SNS) | School of Natural Sciences (SNS) | General Stacks | 530.13 PAT | SNS0003166 | 10/23/2020 | 10/23/2020 | Book | ||||||||
| School of Natural Sciences (SNS) | School of Natural Sciences (SNS) | General Stacks | 03/26/2020 | 530.13 PAT | SNS0003167 | 10/23/2020 | 10/23/2020 | Book | |||||||
| School of Natural Sciences (SNS) | School of Natural Sciences (SNS) | General Stacks | 10/23/2020 | 530.13 PAT | SNS0003168 | 10/23/2020 | 10/23/2020 | Book | 2020-03-26 |
